| 000 | 00521nam a2200181Ia 4500 | ||
|---|---|---|---|
| 008 | 230917s9999||||xx |||||||||||||| ||und|| | ||
| 020 | _cRS 725.00 | ||
| 040 |
_e5007289 _aMAIN |
||
| 041 | _aEnglish | ||
| 082 | _a330.954 S64I(3) | ||
| 100 | _aSinghania, Nitin | ||
| 245 | 0 | _aIndian economy: For civil services and other competitive examinations | |
| 250 | _a3rd ed. | ||
| 260 |
_aChennai _bMcGraw Hill Education _c2022 |
||
| 300 | _av. p. | ||
| 500 | _a5001 05/01/2023 HBD22/9605 26/12/2022 Main Budget | ||
| 942 | _cBK | ||
| 999 |
_c8407 _d8407 |
||